00627nam a2200169 a 450000100100000000500170001000800410002704000250006810000360009324501080012925000110023726000570024830000210030504900090032695201050033599900170044000003422520200930070901.0110928s19uu ag 000 0 spa d aDO-SdBNPbspacBNPHU1 aGarcía, Juan Agustín95964313aLa ciudad indiana :bBuenos Aires desde 1600 hasta mediados del siglo XVIII /cJuan Agustín García. a6a ed. aBuenos Aires :bEdiciones Ángel Estrada,c[196-?]. a375 p. ;c24 cm. aBNPD 001050718RVaPDbPDcCTd2011-09-28iLF1l0o p34225-10r2020-06-25w2020-06-25y1ZNo se presta c33716d33716